| 000 | 00654cam a2200193 4500 | ||
|---|---|---|---|
| 001 | ABS61702 | ||
| 008 | 000000n1999 000 0 eng u | ||
| 035 | _a(Sirsi) u103167 | ||
| 100 | _aLawson, D. | ||
| 245 | 4 | _aThe voice of reason | |
| 260 | _c1999 | ||
| 490 |
_aProperty Week _v 64(46) 26 November 1999, 38-39(2) |
||
| 520 | _aLooks at the benefits voice recognition software can have for small businesses, as it now has specialised vocabularies and is more affordable. | ||
| 590 | _aABS | ||
| 650 | _aVOICE RECOGNITION SOFTWARE | ||
| 650 | _aSMALL BUSINESSES | ||
| 690 | _aMANAGEMENT-BUSINESS MANAGEMENT-INFORMATION MANAGEMENT | ||
| 942 | _n0 | ||
| 999 |
_c62005 _d62005 |
||